[Event "Faxe EMT"]
[Site "Faxe"]
[Date "2012.05.16"]
[Round "7"]
[White "Larsen, Poul Erik"]
[Black "Andersen, Hans Poul"]
[Result "0-1"]
[WhiteElo "1307"]
[BlackElo "1202"]
[PlyCount "112"]
[EventDate "2012.03.28"]
[EventType "swiss"]
[EventRounds "7"]
[EventCountry "DEN"]
[SourceTitle "EXT 2023"]
[Source "ChessBase"]
[SourceDate "2022.10.05"]
[SourceVersion "1"]
[SourceVersionDate "2022.10.05"]
[SourceQuality "1"]

1. e4 e5 2. d4 Bd6 3. d5 Nf6 4. Qf3 h6 5. Nd2 a6 6. Bd3 c6 7. c4 b5 8. b3 Bb4 9. a3 Bc3 10. Ra2 d6 11. h3 cxd5 12. cxd5 Nbd7 13. Ne2 Bxd2+ 14. Bxd2 Nc5 15. Bc2 Bd7 16. b4 Na4 17. Nc3 Rc8 18. Nxa4 bxa4 19. 0-0 Bb5 20. Bd3 0-0 21. Re1 Nh7 22. Qg3 Qf6 23. Bxb5 axb5 24. f4 Rfe8 25. f5 Rc4 26. Re2 Rec8 27. Qf2 Ng5 28. Bxg5 Qxg5 29. g3 f6 30. Kg2 Qc1 31. h4 Rc3 32. Qb6 Rxg3+ 33. Kxg3 Qf4+ 34. Kg2 Qg4+ 35. Kf1 Rc1+ 36. Re1 Qf3+ 37. Qf2 Qh1+ 38. Ke2 Qxe4+ 39. Kd2 Rxe1 40. Qxe1 Qxd5+ 41. Kc1 Qxa2 42. Qc3 Kh7 43. Qd3 Qa1+ 44. Kc2 Qa2+ 45. Kc1 d5 46. Qxb5 Qxa3+ 47. Kb1 Qb3+ 48. Kc1 a3 49. Qe8 Qb2+ 50. Kd1 Qb1+ 51. Ke2 Qxf5 52. Qa4 Qe4+ 53. Kd2 Qd4+ 54. Kc1 Qb2+ 55. Kd1 a2 56. Qc2+ Qxc2+ 0-1

[Event "Faxe EMT"]
[Site "Faxe"]
[Date "2012.04.18"]
[Round "3"]
[White "Larsen, Poul Erik"]
[Black "Karstensen, Preben"]
[Result "0-1"]
[WhiteElo "1307"]
[BlackElo "1354"]
[PlyCount "98"]
[EventDate "2012.03.28"]
[EventType "swiss"]
[EventRounds "7"]
[EventCountry "DEN"]
[SourceTitle "EXT 2023"]
[Source "ChessBase"]
[SourceDate "2022.10.05"]
[SourceVersion "1"]
[SourceVersionDate "2022.10.05"]
[SourceQuality "1"]

1. Nf3 d6 2. d4 Nf6 3. e3 Bg4 4. Nbd2 g6 5. Bd3 Bg7 6. c3 c6 7. Qb3 Qb6 8. Qc2 d5 9. h3 Bxf3 10. Nxf3 Nbd7 11. 0-0 0-0 12. b4 a6 13. Rb1 Qc7 14. c4 dxc4 15. Bxc4 Qc8 16. a4 Nb6 17. Bb3 Nbd5 18. Ba3 Re8 19. Rbc1 e6 20. Rfe1 Bf8 21. Bxd5 exd5 22. Qb2 Qd8 23. a5 Bd6 24. Nd2 Qd7 25. Qc2 Ne4 26. Nb3 f5 27. Nc5 Qf7 28. Nxe4 fxe4 29. Qe2 Re6 30. Rf1 Rf6 31. f4 exf3 32. Rxf3 Rxf3 33. gxf3 Qe7 34. Rb1 Qg5+ 35. Kf1 Qf5 36. e4 Qxh3+ 37. Ke1 Qh1+ 38. Qf1 Qh4+ 39. Kd2 Qf4+ 40. Kd3 dxe4+ 41. fxe4 Qg3+ 42. Kc2 Qxa3 43. Rb3 Qa4 44. Qc4+ Kg7 45. Kc3 Rf8 46. Qe6 Rf3+ 47. Kb2 Qxb3+ 48. Qxb3 Rxb3+ 49. Kxb3 h5 0-1

[Event "Faxe EMT"]
[Site "Faxe"]
[Date "2012.03.28"]
[Round "2"]
[White "Refsgaard, Kaj"]
[Black "Larsen, Poul Erik"]
[Result "1-0"]
[WhiteElo "1428"]
[BlackElo "1307"]
[PlyCount "99"]
[EventDate "2012.03.28"]
[EventType "swiss"]
[EventRounds "7"]
[EventCountry "DEN"]
[SourceTitle "EXT 2023"]
[Source "ChessBase"]
[SourceDate "2022.10.05"]
[SourceVersion "1"]
[SourceVersionDate "2022.10.05"]
[SourceQuality "1"]

1. d4 e6 2. Nf3 d5 3. c4 c5 4. cxd5 exd5 5. e3 c4 6. Nc3 Nf6 7. g3 Be7 8. Bg2 Bg4 9. Qc2 Nc6 10. a3 a6 11. 0-0 Bd6 12. Nh4 Qd7 13. Nxd5 Nxd5 14. Bxd5 Na5 15. Bg2 Rc8 16. Qe4+ Qe6 17. Qxe6+ Bxe6 18. Nf3 Bf5 19. Bd2 Nb3 20. Ra2 Nxd2 21. Nxd2 b5 22. Bb7 Rb8 23. Bxa6 Be6 24. Ne4 Be7 25. Nc3 Bd7 26. Nd5 Bd6 27. a4 0-0 28. axb5 Bxb5 29. Bxb5 Rxb5 30. Nc3 Rb3 31. Ne4 Bb4 32. Rc1 Rc8 33. Nc5 Bxc5 34. Rxc4 g6 35. dxc5 Kf8 36. c6 Rb6 37. b4 Rcxc6 38. Rxc6 Rxc6 39. Kg2 h5 40. h4 f5 41. b5 Rb6 42. Ra6 Rxb5 43. Rxg6 Kf7 44. Rg5 Kf6 45. e4 Re5 46. Rxf5+ Rxf5 47. exf5 Kxf5 48. Kf3 Ke5 49. g4 hxg4+ 50. Kxg4 1-0

[Event "Faxe Eftermiddag EMT Monrad"]
[Site "Faxe"]
[Date "2011.09.14"]
[Round "2"]
[White "Christoffersen, Ib"]
[Black "Larsen, Poul Erik"]
[Result "1-0"]
[WhiteElo "1283"]
[BlackElo "1321"]
[PlyCount "67"]
[EventDate "2011.09.07"]
[EventType "swiss"]
[EventRounds "5"]
[EventCountry "DEN"]
[SourceTitle "EXT 2023"]
[Source "ChessBase"]
[SourceDate "2022.10.05"]
[SourceVersion "1"]
[SourceVersionDate "2022.10.05"]
[SourceQuality "1"]

1. e4 g6 2. Bc4 e6 3. Nf3 d5 4. exd5 exd5 5. Bb3 Qe7+ 6. Qe2 Qxe2+ 7. Kxe2 c6 8. Re1 Be7 9. Kf1 Nd7 10. d4 f6 11. c4 Nb6 12. c5 Nd7 13. Bf4 g5 14. Bd6 Nf8 15. Nbd2 Ne6 16. Re2 Bxd6 17. cxd6 Kf7 18. Rae1 Nh6 19. Bc2 Re8 20. h3 b6 21. Kg1 Ba6 22. Re3 Rad8 23. Ra3 Nxd4 24. Rxe8 Nxc2 25. Rxa6 Rxe8 26. Rxa7+ Kg6 27. Rc7 c5 28. a3 Re6 29. d7 Rd6 30. g4 Nf7 31. h4 h6 32. h5+ Kg7 33. Nf1 Ne5 34. d8Q+ 1-0

[Event "Faxe Eftermiddag EMT Monrad"]
[Site "Faxe"]
[Date "2011.09.07"]
[Round "1"]
[White "Larsen, Poul Erik"]
[Black "Andersen, Hans Poul"]
[Result "1-0"]
[WhiteElo "1321"]
[BlackElo "1276"]
[PlyCount "103"]
[EventDate "2011.09.07"]
[EventType "swiss"]
[EventRounds "5"]
[EventCountry "DEN"]
[SourceTitle "EXT 2023"]
[Source "ChessBase"]
[SourceDate "2022.10.05"]
[SourceVersion "1"]
[SourceVersionDate "2022.10.05"]
[SourceQuality "1"]

1. Nf3 e6 2. e3 d5 3. d4 Nc6 4. c4 Bb4+ 5. Bd2 Bd7 6. a3 Bxd2+ 7. Nbxd2 h6 8. cxd5 exd5 9. Bd3 Nge7 10. Qc2 0-0 11. Rc1 a6 12. Nb3 b6 13. 0-0 Ra7 14. e4 Be6 15. Rfe1 dxe4 16. Bxe4 Bxb3 17. Qxb3 Nxd4 18. Nxd4 Qxd4 19. Rc4 Qf6 20. Qc2 c5 21. b4 cxb4 22. axb4 Ng6 23. Bxg6 fxg6 24. Rc6 Qf5 25. Qc4+ Kh8 26. Qd4 Raf7 27. Rf1 Rf6 28. Rxb6 Rxb6 29. Qxb6 Qb5 30. Qxg6 Rf6 31. Qe4 Qb6 32. g3 Re6 33. Qg4 Rf6 34. Kg2 Qb7+ 35. f3 Qc6 36. Rf2 Qd5 37. Re2 Qc6 38. Qe4 Qxe4 39. Rxe4 Rb6 40. f4 Kh7 41. Kf3 Rb5 42. Rd4 a5 43. bxa5 Rxa5 44. h4 h5 45. Re4 g6 46. g4 Ra3+ 47. Re3 hxg4+ 48. Kf2 Rxe3 49. Kxe3 Kh6 50. Kf2 g5 51. hxg5+ Kg6 52. Kg3 1-0

[Event "Faxe Eftermiddag-D"]
[Site "Faxe"]
[Date "2010.10.18"]
[Round "5"]
[White "Larsen, Poul Erik"]
[Black "Olsen, Michael1111"]
[Result "1-0"]
[WhiteElo "1215"]
[BlackElo "1104"]
[PlyCount "51"]
[EventDate "2010.09.22"]
[EventType "swiss"]
[EventRounds "5"]
[EventCountry "DEN"]
[SourceTitle "EXT 2023"]
[Source "ChessBase"]
[SourceDate "2022.10.05"]
[SourceVersion "1"]
[SourceVersionDate "2022.10.05"]
[SourceQuality "1"]

1. Nf3 d5 2. e3 Nf6 3. d4 e6 4. c4 c5 5. Nc3 a6 6. Bd3 Be7 7. Qe2 Nc6 8. 0-0 Nb4 9. Qd1 Nxd3 10. Qxd3 h6 11. b3 0-0 12. Re1 Rb8 13. Bb2 Bd7 14. e4 dxe4 15. Nxe4 Nxe4 16. Rxe4 Bc6 17. Rg4 Bf6 18. Bc3 b5 19. Rd1 Qc7 20. Re1 Rbd8 21. Qe3 Kh8 22. dxc5 Bxc3 23. Qxc3 f6 24. Nd4 f5 25. Nxe6 Qe7 26. Rxg7 1-0

[Event "Faxe Eftermiddag-D"]
[Site "Faxe"]
[Date "2010.10.06"]
[Round "3"]
[White "Larsen, Poul Erik"]
[Black "Hansen, Egon"]
[Result "0-1"]
[WhiteElo "1215"]
[BlackElo "1336"]
[PlyCount "69"]
[EventDate "2010.09.22"]
[EventType "swiss"]
[EventRounds "5"]
[EventCountry "DEN"]
[SourceTitle "EXT 2023"]
[Source "ChessBase"]
[SourceDate "2022.10.05"]
[SourceVersion "1"]
[SourceVersionDate "2022.10.05"]
[SourceQuality "1"]

1. e4 e5 2. Bc4 Nf6 3. d3 Nc6 4. Nf3 Be7 5. 0-0 0-0 6. a3 d6 7. h3 h6 8. Nc3 Bd7 9. b4 Qc8 10. Nh2 a6 11. Be3 Be6 12. b5 Na5 13. Bxe6 Qxe6 14. Qb1 b6 15. Bd2 Rfb8 16. a4 Nb7 17. Ra2 d5 18. exd5 Nxd5 19. Re1 f6 20. Qb3 Rd8 21. bxa6 Na5 22. Qb1 Nc6 23. Nb5 Bd6 24. Nf3 Qf7 25. d4 exd4 26. Nbxd4 Nxd4 27. Nxd4 Ne7 28. Ne6 Rdc8 29. Bb4 c5 30. Qd1 Be5 31. f4 Qxe6 32. Rb2 cxb4 33. Rxb4 Qd6 34. Qxd6 Bxd6 35. Rxb6 0-1

[Event "Faxe EMT"]
[Site "Faxe"]
[Date "2010.04.21"]
[Round "5"]
[White "Larsen, Poul Erik"]
[Black "Andersen, Hans E"]
[Result "1/2-1/2"]
[WhiteElo "1300"]
[BlackElo "1433"]
[PlyCount "85"]
[EventDate "2010.03.17"]
[EventType "swiss"]
[EventRounds "7"]
[EventCountry "DEN"]
[SourceTitle "EXT 2023"]
[Source "ChessBase"]
[SourceDate "2022.10.05"]
[SourceVersion "1"]
[SourceVersionDate "2022.10.05"]
[SourceQuality "1"]

1. Nf3 Nc6 2. e3 e5 3. Nc3 Nf6 4. d3 d5 5. Be2 Bd6 6. 0-0 Bg4 7. h3 Bh5 8. Nh2 Bg6 9. Ng4 Be7 10. Nxf6+ Bxf6 11. Bf3 Ne7 12. Re1 c6 13. d4 e4 14. Bg4 h5 15. Be2 Qd7 16. f3 Bh4 17. Rf1 f5 18. fxe4 fxe4 19. Bd2 Nf5 20. Rf4 Bg5 21. Rf1 Bxe3+ 22. Kh1 Ng3+ 23. Kh2 Nxf1+ 24. Bxf1 Bxd4 25. Bf4 Bxc3 26. bxc3 Rf8 27. Qd4 0-0-0 28. Be3 Qd6+ 29. Kg1 b6 30. Qxg7 Rd7 31. Ba6+ Kc7 32. Qh6 Rdf7 33. Be2 Kb7 34. Bxh5 Rf6 35. Bd4 Re6 36. Bg7 Rfe8 37. Rf1 Bxh5 38. Qxh5 Ka6 39. Qe2+ Ka5 40. Rf7 Qb8 41. c4 d4 42. Qd2+ Ka6 43. Qb4 1/2-1/2

[Event "Faxe EMT"]
[Site "Faxe"]
[Date "2010.03.24"]
[Round "2"]
[White "Larsen, Poul Erik"]
[Black "Christoffersen, Per"]
[Result "0-1"]
[WhiteElo "1300"]
[BlackElo "1477"]
[PlyCount "50"]
[EventDate "2010.03.17"]
[EventType "swiss"]
[EventRounds "7"]
[EventCountry "DEN"]
[SourceTitle "EXT 2023"]
[Source "ChessBase"]
[SourceDate "2022.10.05"]
[SourceVersion "1"]
[SourceVersionDate "2022.10.05"]
[SourceQuality "1"]

1. c4 e5 2. e4 Bc5 3. Nf3 d6 4. Be2 Nf6 5. d3 0-0 6. Bg5 Be6 7. Bh4 Nbd7 8. Nbd2 c6 9. a3 a6 10. b4 Ba7 11. 0-0 b5 12. Rc1 c5 13. cxb5 axb5 14. Ng5 cxb4 15. Nxe6 fxe6 16. Qb3 Qe8 17. axb4 d5 18. Kh1 Qg6 19. f3 Qh6 20. Bxf6 Nxf6 21. Rc2 Nh5 22. g4 Ng3+ 23. Kg2 Nxe2 24. Qb2 Nf4+ 25. Kh1 Qh3 0-1

[Event "Faxe EMT"]
[Site "Faxe"]
[Date "2010.03.17"]
[Round "1"]
[White "Refsgaard, Kaj"]
[Black "Larsen, Poul Erik"]
[Result "1-0"]
[WhiteElo "1584"]
[BlackElo "1300"]
[PlyCount "39"]
[EventDate "2010.03.17"]
[EventType "swiss"]
[EventRounds "7"]
[EventCountry "DEN"]
[SourceTitle "EXT 2023"]
[Source "ChessBase"]
[SourceDate "2022.10.05"]
[SourceVersion "1"]
[SourceVersionDate "2022.10.05"]
[SourceQuality "1"]

1. Nf3 d5 2. g3 Nf6 3. Bg2 e6 4. 0-0 Be7 5. d3 0-0 6. Nbd2 c5 7. Re1 Nc6 8. e4 dxe4 9. Nxe4 Qc7 10. Bg5 Nxe4 11. Bxe7 Nxe7 12. Rxe4 b6 13. Qd2 Bb7 14. Re3 Ng6 15. Qc3 Rad8 16. Rae1 Rfe8 17. h4 Rd6 18. h5 Ne7 19. h6 Nd5 20. Qxg7# 1-0